[Event "NRW-Liga I 8990"]
[Site "Germany"]
[Date "1990.??.??"]
[Round "?"]
[White "Wintzer, Joachim"]
[Black "Reuther, Egon"]
[Result "1-0"]
[WhiteElo "2315"]
[BlackElo "2250"]

1.c4 c6 2.Nc3 d5 3.d4 dxc4 4.e4 b5 5.a4 e5 6.Nf3 exd4 7.Qxd4 Qxd4 8.Nxd4 b4
9.Nd1 Nf6 10.f3 Ba6 11.Bf4 Bc5 12.Nf5 O-O 13.Rc1 g6 14.Nfe3 Nbd7 15.Nxc4 Bxc4
16.Bxc4 a5 17.Ke2 Kg7 18.Nf2 Bd4 19.b3 Rfe8 20.Rhd1 c5 21.Be3 Bxe3 22.Kxe3 Nb6
23.Rd6 Nfd7 24.Bb5 Re7 25.Nd3 Rc8 26.Nf4 f5 27.Rcd1  1-0

[Event "Bundesliga 8990"]
[Site "Germany"]
[Date "1990.??.??"]
[Round "?"]
[White "Meyer, Holger"]
[Black "Schmidt, Bodo"]
[Result "1/2-1/2"]
[WhiteElo "2310"]
[BlackElo "2345"]

1.c4 c6 2.e4 d5 3.exd5 cxd5 4.d4 Nf6 5.Nc3 e6 6.Nf3 Be7 7.Be2 O-O 8.O-O b6
9.Ne5 Bb7 10.Bf3 Nc6 11.Be3 Na5 12.Qe2 Ba6 13.b3 Rc8 14.Nb5 Bxb5 15.cxb5 Nd7
16.Nd3 Bd6 17.Bf4 Bxf4 18.Nxf4 Rc3 19.Rac1 Rxc1 20.Rxc1 Qb8 21.g3 Nf6 22.Rc3 Rc8
23.Qe5 Ne8 24.Kg2 Kf8 25.Qxb8 Rxb8 26.Be2 Nb7 27.Nd3 Nbd6 28.Ne5 Rc8 29.Rxc8 Nxc8
30.Nc6 Ned6 31.Bd3 Ke8 32.a4 Nb7 33.f4 Nd8 34.b4 h6 35.g4 Nxc6 36.bxc6 Ne7
37.b5 g5 38.h4 f6 39.f5 exf5 40.gxf5 Nc8 41.Kg3 Nd6 42.Kg4 Kf7 43.Kh5 gxh4
44.Kxh4 Ne8 45.Be2 Nc7 46.Bh5+ Kg7 47.Bg6 Kf8 48.Kg4 a6 49.bxa6 Nxa6 50.Kh5 Kg7
51.Be8 Nc7 52.Bd7 Na6 53.Be6 Nc7 54.Kg4 Kf8 55.Bc8 Ke7 56.Kh5 Kd6 57.Bb7 b5
58.axb5 Nxb5 59.Kg6 Nxd4 60.Kxf6 Nb5 61.c7 Nxc7 62.Bxd5  1/2-1/2

[Event "Bundesliga 8990"]
[Site "Germany"]
[Date "1990.??.??"]
[Round "?"]
[White "Mandl, Robert"]
[Black "Hermann, Manfred"]
[Result "1/2-1/2"]
[WhiteElo "2295"]
[BlackElo "2370"]

1.c4 c6 2.Nf3 Nf6 3.d4 d5 4.Qc2 dxc4 5.Qxc4 Bf5 6.g3 e6 7.Bg2 Nbd7 8.Nc3 Be7
9.O-O O-O 10.e3 Ne4 11.Nd2 Nxd2 12.Bxd2 e5 13.e4 exd4 14.exf5 dxc3 15.Bxc3 Bf6
16.Rad1 Bxc3 17.Qxc3 Qc7 18.Rd4 Rad8 19.Rfd1 Nf6 20.Bf3 h6 21.b4 Rxd4 22.Qxd4 a5
23.a4 Re8 24.b5 cxb5 25.axb5 Qe5 26.b6 Qxd4 27.Rxd4 Re1+ 28.Kg2 Rb1 29.Rd8+ Kh7
30.Ra8 Rb5 31.Ra7 Rxb6 32.Rxa5 Ne8 33.Ra8 Nd6 34.g4 g6 35.fxg6+ fxg6 36.h4 Kg7
37.Rd8 Kf6 38.Rd7 Ke6 39.Rg7 Kf6 40.Rd7 Ke6 41.Rg7 Kf6 42.Rh7 Rb4 43.Kg3 h5
44.gxh5 Nf5+ 45.Kh2 Rxh4+ 46.Kg1  1/2-1/2

[Event "Regionalliga NordN"]
[Site "Germany"]
[Date "1990.??.??"]
[Round "?"]
[White "Rabeler, Gert"]
[Black "Storm, Roland"]
[Result "1/2-1/2"]
[WhiteElo "2335"]
[BlackElo "2335"]

1.c4 c6 2.g3 d5 3.Bg2 Nf6 4.Nf3 Nbd7 5.cxd5 Nxd5 6.d4 N7f6 7.Ne5 Bf5 8.Nd2 Nb4
9.Nxf7 Qxd4 10.O-O Kxf7 11.e4 Bg4 12.Qb3+ Be6 13.Qa4 b5 14.Qa5 Bg4 15.Nb3 Qc4
16.Nd2 Qc5 17.Nb3 Qc4 18.Nd2 Qc5 19.Nb3  1/2-1/2

[Event "Bundesliga 8990"]
[Site "Germany"]
[Date "1990.??.??"]
[Round "?"]
[White "Garcia Palermo, Carlos"]
[Black "Meduna, Eduard"]
[Result "0-1"]
[WhiteElo "2460"]
[BlackElo "2485"]

1.c4 c6 2.Nf3 d5 3.e3 Bf5 4.cxd5 cxd5 5.Qb3 Qc7 6.Nc3 e6 7.Bb5+ Nc6 8.Nd4 Bg6
9.Qa4 Ne7 10.b3 a6 11.Ba3 Rc8 12.Rc1 axb5 13.Ncxb5 Qb6 14.Bc5 Qd8 15.Nd6+ Kd7
16.Qb5 Qa5 17.Nxc6 Nxc6 18.Qxa5 Nxa5 19.Nxc8 Bxc5 20.Rxc5 Rxc8 21.Rxc8 Kxc8
22.Ke2 Kd7 23.d3 Nc6 24.a3 Kc7 25.Rc1 Kb6 26.Kd2 d4 27.e4 f6 28.f4 Be8 29.b4 Bd7
30.Kc2 Na7 31.Kb3 Nb5 32.Rc4 e5 33.fxe5 Be6 34.a4 fxe5 35.Kc2  0-1

[Event "Graested"]
[Site "Graested"]
[Date "1990.??.??"]
[Round "5"]
[White "Hansen, Lars Bo"]
[Black "Kuijf, Marinus"]
[Result "0-1"]
[WhiteElo "2460"]
[BlackElo "2490"]

1.c4 c6 2.e4 d5 3.exd5 cxd5 4.d4 Nf6 5.Nc3 Nc6 6.Nf3 Bg4 7.cxd5 Nxd5 8.Qb3 Bxf3
9.gxf3 Nb6 10.d5 Nd4 11.Qd1 e5 12.dxe6 fxe6 13.Be3 Bc5 14.b4 O-O 15.bxc5 Nxf3+
16.Ke2 Qf6 17.cxb6 Rad8 18.Qc2 Nd4+ 19.Bxd4 Qxd4 20.Ne4 Qxa1 21.Bg2 Qe5 22.Rb1 Qxh2
23.Kf1 axb6 24.Rxb6 Rc8 25.Qb2 Qf4 26.Kg1 Rc1+ 27.Bf1 Rxf1+ 28.Kxf1 Qxe4
29.Qb3 Qd4 30.f3 Rxf3+ 31.Qxf3 Qxb6  0-1

[Event "Groningen op"]
[Site "Groningen"]
[Date "1990.??.??"]
[Round "1"]
[White "Schiffer, Kai Uwe"]
[Black "Finegold, Benjamin"]
[Result "0-1"]
[WhiteElo "2325"]
[BlackElo "2490"]

1.c4 c6 2.Nf3 d5 3.e3 Nf6 4.Nc3 g6 5.d4 Bg7 6.cxd5 cxd5 7.Bb5+ Bd7 8.Qb3 Bxb5
9.Qxb5+ Qd7 10.Ne5 Qxb5 11.Nxb5 Na6 12.Bd2 Ne4 13.f3 Nxd2 14.Kxd2 Bxe5 15.dxe5 Kd7
16.Rhc1 Rhc8 17.Rab1 Nb4 18.Nd4 Nc6 19.Nxc6 Rxc6 20.Rxc6 bxc6 21.Rc1 Rb8
22.b3 Rb5 23.Kd3 c5 24.e4 Kc6 25.exd5+ Kxd5 26.f4 Rb4 27.Rc4 a5 28.g3 g5
29.h3 e6 30.Rxb4 axb4 31.Ke3 c4 32.bxc4+ Kxc4 33.Kd2 gxf4 34.gxf4 Kd4 35.Kc2 Ke4
36.Kb3 Kxf4 37.Kxb4 Kxe5 38.Kc5 f5 39.a4 f4 40.a5 f3 41.a6 f2 42.a7 f1=Q
43.a8=Q Qf2+ 44.Kb5 Qb2+  0-1

[Event "Groningen op"]
[Site "Groningen"]
[Date "1990.??.??"]
[Round "1"]
[White "De Boer, Gert Jan"]
[Black "Hofman, Ron"]
[Result "1-0"]
[WhiteElo "2400"]
[BlackElo "2240"]

1.c4 c6 2.Nf3 Nf6 3.d4 d5 4.Nc3 g6 5.Bg5 Ne4 6.Bh4 Bg7 7.e3 O-O 8.Be2 Nxc3
9.bxc3 Nd7 10.O-O b6 11.Qa4 Bb7 12.Rfd1 h6 13.Rac1 a6 14.cxd5 cxd5 15.c4 dxc4
16.Qxc4 Rc8 17.Qb4 Re8 18.Rxc8 Bxc8 19.e4 Bb7 20.d5 Ne5 21.Rb1 Nd7 22.Rc1 Ne5
23.Rb1 Nd7 24.h3 Qc7 25.Kf1 Kf8 26.Bxe7+ Kg8 27.d6 Qc6 28.Rd1 Qxe4 29.Qxe4 Bxe4
30.Bxa6 Bf5 31.Bb5 Ra8 32.a4 Nc5 33.d7 Ne6 34.d8=Q+ Nxd8 35.Rxd8+ Rxd8 36.Bxd8 Be4
37.Bxb6  1-0

[Event "HUN-chop"]
[Site "Gyor"]
[Date "1990.??.??"]
[Round "2"]
[White "Piesina, Gintautas"]
[Black "Frank, Jozsef"]
[Result "1-0"]
[WhiteElo "2410"]
[BlackElo "2290"]

1.c4 c6 2.d4 d5 3.Nf3 Nf6 4.Nc3 e6 5.Bg5 Be7 6.e3 O-O 7.Bd3 Nbd7 8.O-O b6
9.Qe2 Bb7 10.Rfd1 Nh5 11.Bxe7 Qxe7 12.cxd5 cxd5 13.Rac1 Nhf6 14.Rc2 Rac8
15.Rdc1 a6 16.Nd2 Ne8 17.f3 e5 18.Bf5 Rd8 19.Qd3 g6 20.Bxd7 Rxd7 21.Na4 Rd6
22.dxe5 Qxe5 23.Nb3 Re6 24.Rc3 Rd6 25.Nd4 Qe7 26.Qd2 Qd8 27.Qe2 Kg7 28.b3 Kg8
29.Nb2 Rd7 30.Nd3 Re7 31.Nf2 Nf6 32.Qd2 Kg7 33.Nc6 Bxc6 34.Rxc6 Re6 35.Rxe6 fxe6
36.Qc3 Kf7 37.Qc7+ Nd7 38.Qb7 Ke7 39.Rc7 Rh8 40.Qc6 Qe8 41.Nd3 Kd8 42.Nf4  1-0

[Event "Helsinki SKF op"]
[Site "Helsinki"]
[Date "1990.??.??"]
[Round "?"]
[White "Pirttimaki, Timo"]
[Black "Salo, Heikki"]
[Result "1/2-1/2"]
[WhiteElo "2295"]
[BlackElo "2235"]

1.c4 c6 2.e4 d5 3.exd5 cxd5 4.d4 Nf6 5.Nc3 e6 6.Nf3 Bb4 7.cxd5 Nxd5 8.Qc2 Nc6
9.Bd3 h6 10.O-O O-O 11.Bd2 Re8 12.Rad1 Qb6 13.Qc1 Bf8 14.Kh1 Nxc3 15.Bxc3 Nb4
16.Bb1 Bd7 17.Ne5 Bc6 18.Qf4 Qc7 19.Qh4 Nd5 20.Bd2 Qd8 21.Qg3 g6 22.Nxg6 fxg6
23.Qxg6+ Bg7 24.Bxh6 Qf6 25.Qh7+ Kf8 26.Qxg7+ Qxg7 27.Bxg7+ Kxg7 28.Be4 Rad8
29.Rfe1 Bb5 30.h3 Kf6 31.Kh2 Re7 32.Rd2 Red7 33.g4 Nb4 34.Kg3 b6 35.a3 Na6
36.h4 Rxd4 37.g5+ Ke7 38.Rxd4 Rxd4 39.h5 Nc5 40.h6 Kf7 41.g6+ Kg8 42.Bb1 Bc4
43.f4 Nd3 44.Bxd3 Rxd3+ 45.Kh4 Rd8 46.f5 exf5 47.Re7 f4 48.h7+ Kh8 49.Kg5 Bd3
50.Rxa7 Bxg6 51.Kxg6 Rf8 52.Rc7 f3 53.Rc1 Rd8  1/2-1/2

[Event "Helsinki Club-ch"]
[Site "Helsinki"]
[Date "1990.??.??"]
[Round "5"]
[White "Hentunen, Asko"]
[Black "Lahtinen, Markku"]
[Result "1/2-1/2"]
[WhiteElo "2265"]
[BlackElo "2225"]

1.c4 c6 2.Nf3 Nf6 3.d3 d5 4.Qc2 Bf5 5.Nbd2 h6 6.e4 dxe4 7.dxe4 Bh7 8.Qb3 Qb6
9.e5 Nfd7 10.Be2 e6 11.O-O Bc5 12.a3 a5 13.Qc3 a4 14.Bd3 Bxd3 15.Qxd3 Qc7
16.Re1 Be7 17.Qc2 Nc5 18.Nd4 Nbd7 19.f4 g5 20.N2f3 O-O-O 21.Be3 Rdg8 22.Ne2 gxf4
23.Bxf4 h5 24.h3 Rg7 25.Nc3 Rhg8 26.Re2 Qa5 27.Rd1 Qb6 28.Kh1 Qb3 29.Qxb3 axb3
30.Be3 Kc7 31.Rdd2 Rb8 32.Bxc5 Nxc5 33.Ne4 b5 34.Nxc5 Bxc5 35.cxb5 Rxb5 36.Re4 Bxa3
37.Rh4 Bc5 38.Rxh5 Be3 39.Re2 Bc1 40.Rh4 c5 41.Rc4 Bg5 42.Nd4 Rb4 43.Rxb4 cxb4
44.Nxb3 Kc6 45.Rc2+ Kd5 46.Rc5+ Ke4 47.Rc4+ Kxe5 48.Rxb4 Be3 49.Na5 Kd5 50.Rb7 e5
51.b4 Bd4 52.g4 Bc3 53.Kg2 Rg6 54.Rxf7 Bxb4 55.Nb3 Rc6 56.Rf3 Ke4 57.Rf2 Ke3
58.Rf3+ Ke4 59.Rf2 Ke3 60.Na1 Kd3 61.Rf3+  1/2-1/2

[Event "FIN-ch"]
[Site "Helsinki"]
[Date "1990.??.??"]
[Round "12"]
[White "Paavilainen, Jorma"]
[Black "Lahtinen, Markku"]
[Result "1/2-1/2"]
[WhiteElo "2280"]
[BlackElo "2225"]

1.c4 c6 2.d4 d5 3.Nc3 Nf6 4.Bg5 Nbd7 5.cxd5 cxd5 6.e3 e6 7.Bd3 Be7 8.Nf3 a6
9.O-O O-O 10.Qe2 b5 11.a4 b4 12.Na2 h6 13.Bh4 a5 14.Nc1 Ne4 15.Bxe7 Qxe7
16.Nb3 Qd6 17.Bb5 Qb6 18.Bxd7 Bxd7 19.Ne5 Be8 20.f3 Nd6 21.Nc5 Ra7 22.Ned3 Nf5
23.g4 Ne7 24.f4 f6 25.Rf2 Bf7 26.Kh1 Qd6 27.Rg1 Bg6 28.Rfg2 Be4 29.Nxe4 dxe4
30.Nc5 e5 31.g5 hxg5 32.fxe5 Qd5 33.exf6 Rxf6 34.Rxg5 Nf5 35.Qg4 Raf7 36.Qxe4 Qxe4+
37.Nxe4 Re6 38.Ng3 Nxe3 39.Rxa5 Rf2 40.Re5 Rh6 41.Nh5 Kf8 42.Rxe3 Rxh5 43.Rg2 Rf1+
44.Rg1 Rf2 45.h3 Rxb2 46.Rf3+ Kg8 47.Rfg3 Kf8 48.Rf3+ Kg8 49.Rfg3 Kf8 50.Rc1 Rf5
51.Rc8+  1/2-1/2

[Event "Katowice op"]
[Site "Katowice"]
[Date "1990.??.??"]
[Round "11"]
[White "Arbakov, Valentin"]
[Black "Sapis, Witalis"]
[Result "1-0"]
[WhiteElo "2415"]
[BlackElo "2380"]

1.c4 c6 2.Nf3 Nf6 3.b3 d5 4.Bb2 Bg4 5.d3 e6 6.Nbd2 a5 7.a3 Nbd7 8.h3 Bh5
9.e3 h6 10.g4 Bg6 11.Rg1 Bd6 12.Be2 Kf8 13.Qc2 Qe7 14.Qc3 Ne8 15.h4 e5 16.d4 e4
17.Ne5 Bh7 18.g5 hxg5 19.hxg5 Nxe5 20.dxe5 Bc5 21.g6 Bxg6 22.cxd5 cxd5 23.e6 Nf6
24.exf7 Kxf7 25.Nc4 Bf5 26.Ne5+ Kg8 27.Rg5 Rh1+ 28.Bf1 Bh3 29.Ke2 Rxf1 30.Rxf1 Bxf1+
31.Kxf1 Bxa3 32.Bxa3 Qxa3 33.Ng4 Ne8 34.Nh6+ Kh7 35.Nf5 Qf8 36.Qe5 Qf7 37.Qh2+  1-0

[Event "POL-ch (Women)"]
[Site "Konin"]
[Date "1990.??.??"]
[Round "14"]
[White "Kaczorowska, Barbara"]
[Black "Detko, Joanna"]
[Result "1-0"]
[WhiteElo "2195"]
[BlackElo "2090"]

1.c4 c6 2.d4 d5 3.Nf3 Nf6 4.Nc3 e6 5.cxd5 Nxd5 6.e4 Nf6 7.Bc4 b5 8.Bd3 Bb7
9.O-O a6 10.Bg5 h6 11.Bh4 g5 12.Bg3 Nbd7 13.Qe2 Be7 14.Rfd1 Nh5 15.e5 Nxg3
16.hxg3 Qb6 17.Bc2 O-O-O 18.a4 g4 19.Nh4 Rdg8 20.axb5 axb5 21.Kh2 Rg7 22.Ne4 Qd8
23.Ra7 Kb8 24.Rda1 Nb6 25.Nc5 Bxc5 26.dxc5 Na4 27.Rxb7+ Kxb7 28.Bxa4 bxa4
29.Rxa4 Qc8 30.Qd3 f5 31.Qa6+ Kc7 32.Qb6+ Kd7 33.Ra7+ Ke8 34.Rxg7 f4 35.Qa7  1-0

[Event "RSFSR-ch"]
[Site "Kuibishev"]
[Date "1990.??.??"]
[Round "?"]
[White "Kramnik, Vladimir"]
[Black "Sorokin, Maxim"]
[Result "1/2-1/2"]
[WhiteElo "2450"]
[BlackElo "2480"]

1.c4 c6 2.d4 d5 3.Nf3 Nf6 4.Nc3 e6 5.Bg5 h6 6.Bxf6 Qxf6 7.e3 g6 8.Qc2 Nd7
9.Bd3 Bg7 10.O-O O-O 11.Rfd1 Qe7 12.a3 b6 13.cxd5 cxd5 14.Nb5 Nf6 15.Nc7 Rb8
16.Rac1 Bb7 17.Ba6 Ne4 18.Bxb7 Rxb7 19.Na6 f5 20.Nd2 Nd6 21.Qd3  1/2-1/2

[Event "Mitropa-Cup"]
[Site "Leibnitz"]
[Date "1990.??.??"]
[Round "2"]
[White "Schlosser, Philipp"]
[Black "Menghi, Carlo"]
[Result "0-1"]
[WhiteElo "2455"]
[BlackElo "2275"]

1.c4 c6 2.Nf3 d5 3.e3 Nf6 4.Nc3 g6 5.d4 Bg7 6.Be2 O-O 7.O-O Ne4 8.cxd5 cxd5
9.Qb3 Nxc3 10.bxc3 Nc6 11.Nd2 Na5 12.Qb4 e5 13.Rd1 Qc7 14.Ba3 Rd8 15.Rac1 Be6
16.Nf3 Bg4 17.dxe5 Bxf3 18.gxf3 Bxe5 19.f4 Bd6 20.Qa4 a6 21.Bf3 b5 22.Bxd6 Rxd6
23.Qb4 Rad8 24.Rd3 Nc4 25.Rcd1 a5 26.Qb3 Qc5 27.Rd4 Kf8 28.Rb1 Na3 29.Rc1 f5
30.Rcd1 Nc4 31.Kg2 Ke7 32.h4 Kf6 33.Be2 Ke6 34.Rh1 Rc6 35.h5 Rg8 36.hxg6 Rxg6+
37.Kh2 Qe7  0-1

[Event "Lvov zt"]
[Site "Lvov"]
[Date "1990.??.??"]
[Round "?"]
[White "Eingorn, Vereslav S"]
[Black "Oll, Lembit"]
[Result "1-0"]
[WhiteElo "2570"]
[BlackElo "2570"]

1.c4 c6 2.Nf3 Nf6 3.d4 d5 4.cxd5 cxd5 5.Nc3 Nc6 6.Bf4 Bf5 7.e3 e6 8.Ne5 Nd7
9.Nxc6 bxc6 10.Be2 Be7 11.O-O O-O 12.Rc1 c5 13.dxc5 Nxc5 14.Nb5 g5 15.Bxg5 Bxg5
16.Rxc5 Qb6 17.Qc1 Bg6 18.b4 a5 19.Rc6 Qb7 20.Nc7 axb4 21.Nxa8 Rxa8 22.Rc7 Qb6
23.Rc8+ Rxc8 24.Qxc8+ Kg7 25.Qa6 Qc5 26.Bd3 Bf6 27.Bxg6 hxg6 28.Qd3 Qa5 29.Qb3 Bc3
30.h3 e5 31.Rd1 d4 32.exd4 exd4 33.Qc4 Qe5 34.Qd3 Qe6 35.Qc2 Qe5 36.Kf1 Qh2
37.Qe4 Qd6 38.g3 Qa6+ 39.Qe2 Qc6 40.Kg1 Qd5 41.Rd3 f5 42.Rf3 Kf6 43.g4 Bd2
44.gxf5 gxf5 45.Qxd2 Qxf3 46.Qxd4+ Kg6 47.Qd6+ Kh5 48.Qxb4 Qxh3 49.Qf4 Qd3
50.a4 Qd5 51.Qh2+  1-0

[Event "Lyngby op"]
[Site "Lyngby"]
[Date "1990.??.??"]
[Round "1"]
[White "Gross, Stefan"]
[Black "Bang, Andreas"]
[Result "1/2-1/2"]
[WhiteElo "2420"]
[BlackElo "2345"]

1.c4 c6 2.Nf3 d5 3.d4 Nf6 4.Qb3 dxc4 5.Qxc4 Bf5 6.g3 e6 7.Bg2 Nbd7 8.O-O Be7
9.Nc3 O-O 10.Nh4 Nb6 11.Qb3 Qxd4 12.e4 Bg4 13.h3 Bh5 14.g4 Bg6 15.Rd1 Qb4
16.Nxg6 hxg6 17.Bf4 Nfd7 18.Qc2 e5 19.Bg3 f6 20.Bf1 Nc5 21.Rd2 Rad8 22.Rad1 Rxd2
23.Rxd2 Rd8 24.Rxd8+ Bxd8 25.f3 Be7 26.Bf2 Ne6 27.a3 Nd4 28.axb4 Nxc2 29.b5 Nd4
30.bxc6 bxc6 31.f4 Bc5 32.fxe5 fxe5 33.Kg2 Ne6 34.Bg3 Bd4 35.h4 g5 36.h5 Kf7
37.Kf3 Ke7 38.Be1 Bc5 39.Bd2 Nd4+ 40.Kg3 Kf6 41.Ba6 Nb3 42.Be1 Be3 43.Bb7 Nd4
44.Nd1 Bf4+ 45.Kf2 Ke6 46.Bb4 Nc4 47.Bc8+ Kf7 48.Ba6 Nb6 49.Bd6 Nd7 50.Bc4+ Ke8
51.Kg2  1/2-1/2

[Event "Mar del Plata"]
[Site "Mar del Plata"]
[Date "1990.??.??"]
[Round "1"]
[White "Letelier, Rene"]
[Black "Tempone, Marcelo"]
[Result "1-0"]
[WhiteElo "2285"]
[BlackElo "2390"]

1.c4 c6 2.Nf3 d5 3.g3 Nf6 4.Bg2 Bg4 5.h3 Bxf3 6.Bxf3 e6 7.O-O Bd6 8.d3 Nbd7
9.Qc2 O-O 10.Bg2 a5 11.e4 dxe4 12.dxe4 e5 13.Nc3 Nc5 14.Be3 Qe7 15.Rad1 Ne6
16.Na4 Bc7 17.Rd2 h5 18.Rfd1 h4 19.g4 Nd4 20.Bxd4 exd4 21.Rxd4 Qe5 22.Kf1 b5
23.cxb5 cxb5 24.Nc3 Bb6 25.R4d3 Rac8 26.Qe2 Rfe8 27.Nd5 Ba7 28.Nxf6+ Qxf6
29.Rd7 Bc5 30.Qf3 Qe6 31.R7d5 Ba7 32.Rd7 Bc5 33.a3 Be7 34.Qd3 Qf6 35.Qxb5 Rb8
36.Rb7 Bc5 37.Rd2 Qf4 38.Rxb8 Rxb8 39.Qe2 Rb3 40.Qd1 a4 41.Qc2 Bb6 42.Qc8+ Kh7
43.Qf5+ Qxf5 44.exf5 f6 45.Bd5 Rb5 46.Bc6 Ra5 47.Ke2 Bc7 48.Ke3 Re5+ 49.Be4 Rb5
50.f4 Rb3+ 51.Bd3 Rb8 52.Bc4 Kh6 53.Kf3 Ba5 54.Rg2 Bd8 55.Be6 Be7 56.Rc2 Bd6
57.Rc8 g5 58.fxg6 Rxb2 59.Rh8+  1-0

[Event "Maribor"]
[Site "Maribor"]
[Date "1990.??.??"]
[Round "1"]
[White "Sher, Miron N"]
[Black "Timoshchenko, Gennadi A"]
[Result "1/2-1/2"]
[WhiteElo "2485"]
[BlackElo "2495"]

1.c4 c6 2.d4 d5 3.cxd5 cxd5 4.Nc3 Nf6 5.Bf4 a6 6.e3 Nc6 7.Nf3 Bg4 8.Be2 Bxf3
9.Bxf3 e6 10.O-O Bd6 11.Bxd6 Qxd6 12.Rc1 O-O 13.h3  1/2-1/2

[Event "Melbourne Masters"]
[Site "Melbourne"]
[Date "1990.??.??"]
[Round "9"]
[White "Fuller, Maxwell L"]
[Black "Kagan, Naum"]
[Result "1/2-1/2"]
[WhiteElo "2325"]
[BlackElo "2325"]

1.c4 c6 2.Nf3 d5 3.b3 Nf6 4.Bb2 Bf5 5.g3 e6 6.Bg2 Be7 7.O-O O-O 8.d3 h6 9.Nc3 Na6
10.a3 dxc4 11.bxc4 Nc5 12.Na4 Nfd7 13.Nxc5 Nxc5 14.d4 Qb6 15.Ra2 Ne4 16.c5 Qa6
17.Ne5 Rad8 18.Qc1 Qxe2 19.f3 Bg5 20.f4 Bf6 21.g4 Bxe5 22.gxf5 Rxd4 23.Bf3 Qd3
24.fxe5 Nd2 25.Bxd4 Qxd4+ 26.Kh1 Nxf1 27.Qxf1 Qxe5 28.fxe6 fxe6 29.Qe2 Qxc5
30.Rc2 Qxa3 31.Qxe6+ Kh8 32.Be2 Qa1+ 33.Kg2 Qe1 34.Qe3 a5 35.Rc1 Qb4 36.Bd3 Qg4+
37.Kh1 a4 38.Rf1 Rd8 39.Bc2 b5 40.Qe7 Rg8 41.Rf8 Qc4 42.Be4 Qc1+ 43.Kg2 Qg5+
44.Qxg5 hxg5 45.Rxg8+ Kxg8 46.Bxc6 a3 47.Bxb5 g4 48.Bc4+ Kh7 49.Kg3 g5 50.Kf2 Kh6
51.Ba2 Kg6 52.Bb1+ Kh6 53.Ke3 Kh5 54.Kf2 Kh6 55.Ba2 Kg6 56.Bb3 Kh6 57.Be6 Kg6
58.Ba2 Kh6 59.Bd5 Kg6 60.Be4+ Kh6 61.Bd5 Kh5 62.Kg3 Kh6 63.Ba2 Kh5 64.Bf7+ Kh6
65.Kf2 Kg7 66.Ba2 Kg6 67.Bg8 Kh5 68.Bf7+ Kh6 69.Ke3 Kg7 70.Ba2 Kg6 71.Bg8 Kh5
72.Kf2 Kg6 73.Kg3 Kg7 74.Ba2 Kg6 75.Kf2 Kh5 76.Bb3 Kg6 77.Kg3 Kg7 78.Kxg4 a2
79.Bxa2 Kh6 80.Kf5 g4 81.Bd5 Kg7 82.Be4 Kh8 83.Kg6 Kg8 84.Bd5+ Kh8  1/2-1/2

[Event "Moscow1"]
[Site "Moscow"]
[Date "1990.??.??"]
[Round "?"]
[White "Donchenko, Anatoly G"]
[Black "Yuferov, Sergey  N"]
[Result "1/2-1/2"]
[WhiteElo "2345"]
[BlackElo "2435"]

1.c4 c6 2.d4 d5 3.cxd5 cxd5 4.Nc3 Nf6 5.Nf3 Nc6 6.Bf4 Bf5 7.e3 e6 8.Bd3 Bxd3
9.Qxd3 Bd6 10.Bxd6 Qxd6 11.O-O O-O 12.Rac1 Rac8  1/2-1/2

[Event "Moscow2"]
[Site "Moscow"]
[Date "1990.??.??"]
[Round "?"]
[White "Goetz, Ralph"]
[Black "Blasek, Ralph"]
[Result "1/2-1/2"]
[WhiteElo "2315"]
[BlackElo "2295"]

1.c4 c6 2.d4 d5 3.cxd5 cxd5 4.Nc3 Nf6 5.Nf3 Nc6 6.Bf4 e6 7.e3 Bd6 8.Bxd6 Qxd6
9.Bd3 a6 10.O-O O-O  1/2-1/2

[Event "Moscow2"]
[Site "Moscow"]
[Date "1990.??.??"]
[Round "?"]
[White "Yuferov, Sergey  N"]
[Black "Mukhametov, Eldar"]
[Result "1/2-1/2"]
[WhiteElo "2435"]
[BlackElo "2390"]

1.c4 c6 2.Nc3 d5 3.e3 Nf6 4.Nf3 g6 5.Be2 Bg7 6.O-O O-O 7.h3 Ne4 8.Qb3 Nd7
9.cxd5 Ndc5 10.Qa3 cxd5 11.Nxe4 Nxe4 12.d3 Nd6 13.Bd2 Qb6 14.d4 a5 15.Rfc1 Ne4
16.Be1 e6 17.Nd2 Nxd2 18.Bxd2 Bd7 19.Rc5  1/2-1/2

[Event "Moscow-ch"]
[Site "Moscow"]
[Date "1990.??.??"]
[Round "?"]
[White "Arbakov, Valentin"]
[Black "Dragomarezkij, Evgeni"]
[Result "1-0"]
[WhiteElo "2415"]
[BlackElo "2385"]

1.c4 c6 2.Nf3 d5 3.d4 Nf6 4.Qc2 e6 5.g3 Be7 6.Bg2 O-O 7.O-O Nbd7 8.Nbd2 b6
9.e4 Nxe4 10.Nxe4 dxe4 11.Qxe4 Bb7 12.Rd1 Qc7 13.Bf4 Bd6 14.Bxd6 Qxd6 15.c5 Qc7
16.Rac1 Rfd8 17.a3 Rab8 18.b4 Nf6 19.Qe2 a5 20.Qe5 Qxe5 21.Nxe5 axb4 22.axb4 bxc5
23.dxc5 Nd5 24.b5 f6 25.bxc6 fxe5 26.Bxd5 Rxd5 27.Rxd5 exd5 28.Rb1 Kf8 29.cxb7 Ke7
30.Rb6 Kd7 31.Ra6 Kc7 32.c6 g5 33.Ra8  1-0

[Event "Moscow op"]
[Site "Moscow"]
[Date "1990.??.??"]
[Round "?"]
[White "Serper, Grigory"]
[Black "Mukhametov, Eldar"]
[Result "1-0"]
[WhiteElo "2485"]
[BlackElo "2410"]

1.c4 c6 2.e4 e5 3.Nf3 Nf6 4.Nc3 Qa5 5.Be2 Bb4 6.O-O O-O 7.Qc2 Re8 8.a3 Bxc3
9.dxc3 d5 10.cxd5 cxd5 11.exd5 e4 12.Nd4 Qxd5 13.Bf4 Nh5 14.Be3 a6 15.Qb3 Qe5
16.Rfd1 Nd7 17.Nc2 Nf4 18.Bc4 Rf8 19.Bxf4 Qxf4 20.Ne3 Ne5 21.Bd5 Bg4 22.Rd4 Bf3
23.g3 Qh6 24.Qxb7 Rab8 25.Qc7 Rxb2 26.Qxe5 Rxf2 27.Kxf2 Qxh2+ 28.Ng2 Qxg2+
29.Ke3 Qe2+ 30.Kf4 Qf2 31.Kf5 Qh2 32.Qf4 Qh5+ 33.Qg5 Qh3+ 34.Kf4 Qh2 35.Ke5 Re8+
36.Kd6 Qb2 37.Bc6 Qb8+ 38.Kd5 e3+ 39.Kc4 Bxc6 40.Rad1  1-0

[Event "Moscow op"]
[Site "Moscow"]
[Date "1990.??.??"]
[Round "?"]
[White "Tal, Mihail"]
[Black "Sveshnikov, Evgeny"]
[Result "1-0"]
[WhiteElo "2580"]
[BlackElo "2520"]

1.c4 c6 2.e4 d5 3.cxd5 cxd5 4.exd5 Nf6 5.Nc3 g6 6.Qb3 Bg7 7.g3 b6 8.Bg2 Bb7
9.Nge2 e6 10.Nf4 e5 11.Nfe2 O-O 12.O-O Na6 13.d4 exd4 14.Nxd4 Nc5 15.Qc4 Rc8
16.Nc6 Qd7 17.Qh4 Kh8 18.Bh3 Qe8 19.Bxc8 Qxc8 20.Bh6 Nxd5 21.Nxd5 Qxc6 22.Bxg7+ Kxg7
23.Rad1 f6 24.Rfe1 Rf7 25.b4 Ne6 26.Qg4 Nc7 27.b5 Nxb5 28.Re6 Qc5 29.Nf4 Bc8
30.Rd5 Qc1+ 31.Rd1 Qc5 32.Rd8 Qc7 33.Nh5+ Kh6 34.Nxf6 Qc1+ 35.Kg2 Bxe6 36.Qh4+ Kg7
37.Rg8+  1-0

[Event "NLD-ch"]
[Site "?"]
[Date "1990.??.??"]
[Round "1"]
[White "Brenninkmeijer, Joris"]
[Black "Kuijf, Marinus"]
[Result "0-1"]
[WhiteElo "2475"]
[BlackElo "2490"]

1.c4 c6 2.e4 d5 3.exd5 cxd5 4.d4 Nf6 5.Nc3 Nc6 6.Nf3 Bg4 7.cxd5 Nxd5 8.Qb3 Bxf3
9.gxf3 Nb6 10.Be3 e6 11.O-O-O Be7 12.d5 Nxd5 13.Nxd5 exd5 14.Rxd5 Qc7 15.Kb1 O-O
16.f4 Nb4 17.Re5 Nc6 18.Re4 Bf6 19.Bg2 Rfd8 20.Rc1 Qd7 21.Qc2 Rac8 22.Rc4 Nd4
23.Bxd4 Rxc4 24.Qxc4 Bxd4 25.Qd5 Qe8 26.Qe4 Qxe4+ 27.Bxe4 Bxf2 28.Bxb7 Be3
29.Rc4 Rd1+ 30.Kc2 Rc1+ 31.Kd3 Rxc4 32.Kxc4 Bxf4 33.h3 g6 34.b4 Kg7 35.Kd5 Kf6
36.Ke4 Bd6 37.b5 Kg5 38.Bd5 f5+ 39.Kf3 Kf6 40.a4 Bc7 41.Bc6 Ke7 42.Kg2 g5
43.Bf3 Kf6 44.Kf2 Kg6 45.Bc6 g4 46.hxg4 fxg4 47.Be4+ Kg7  0-1

[Event "NOR-chT"]
[Site "NOR"]
[Date "1990.??.??"]
[Round "?"]
[White "Hoidahl, Erik"]
[Black "Andersen, Oivind"]
[Result "1/2-1/2"]
[WhiteElo "2205"]
[BlackElo "2145"]

1.c4 c6 2.Nf3 d5 3.b3 Bf5 4.g3 e6 5.Bg2 Nf6 6.Bb2 Nbd7 7.O-O Bd6 8.d3 e5
9.Nbd2 Qe7 10.a3 a5 11.b4 O-O 12.c5 Bc7 13.Qc2 Bg4 14.h3 Bxf3 15.Bxf3 Qe6
16.Kh2 b5 17.cxb6 Bxb6 18.bxa5 Rxa5 19.a4 Rfa8 20.Bc3 R5a6 21.Ra2 Qd6 22.e3 h5
23.Be2 h4 24.d4 hxg3+ 25.fxg3 R6a7 26.dxe5 Nxe5 27.Bxe5 Qxe5 28.Qxc6 Qxe3
29.Bf3 Bc7 30.Rg1 Qf2+ 31.Rg2 Bxg3+ 32.Kh1 Qe1+ 33.Rg1 Qe5 34.Nf1 Bf4 35.Re2 Qf5
36.Bg4 Nxg4 37.Rxg4 Bh6 38.Ng3 Qf3+ 39.Rg2 Kh7 40.Qc2+ g6 41.Kh2 Bf4 42.Qb2 Kg8
43.Rh4 f6 44.Rg4 Kf7 45.Rf2 Be5 46.Qd2  1/2-1/2

[Event "Novi Sad ol (Men)"]
[Site "Novi Sad"]
[Date "1990.??.??"]
[Round "2"]
[White "Uhlmann, Wolfgang"]
[Black "Nashed, K."]
[Result "1-0"]
[WhiteElo "2505"]
[BlackElo "2205"]

1.c4 c6 2.d4 d5 3.Nf3 Nf6 4.Nc3 dxc4 5.a4 Bf5 6.e3 e6 7.a5 Bb4 8.Qa4 Be7
9.Bxc4 Nbd7 10.Nh4 Ne4 11.Nxf5 exf5 12.O-O Nd6 13.Be2 O-O 14.Rd1 Nf6 15.Bf3 Nde4
16.a6 b5 17.Qc2 Nxc3 18.bxc3 Qd7 19.c4 bxc4 20.Qxc4 Ne4 21.Ba3 Bxa3 22.Rxa3 Rab8
23.Rb3 Rxb3 24.Qxb3 Rc8 25.Qb7 Rc7 26.Rb1 h6 27.Qa8+ Kh7 28.Rb7 Nd6 29.Rxc7 Qxc7
30.Qxc6 Qxc6 31.Bxc6 Kg8 32.f3 Kf8 33.e4 fxe4 34.fxe4 f6 35.Kf2 Ke7 36.Ke3 Nc8
37.Bb7 Nb6 38.Kf4 Ke6 39.Kg4 g6 40.Bc6 Nc8 41.Bd5+ Kd6 42.Bf7 Ne7 43.g3 Kc6
44.h4 f5+ 45.exf5 gxf5+ 46.Kh5 Kb5 47.Kxh6 Kxa6 48.Kg5  1-0

[Event "Novi Sad ol (Men)"]
[Site "Novi Sad"]
[Date "1990.??.??"]
[Round "6"]
[White "Gheorghiu, Florin"]
[Black "Murshed, Niaz"]
[Result "1/2-1/2"]
[WhiteElo "2500"]
[BlackElo "2475"]

1.c4 c6 2.d4 d5 3.Nf3 Nf6 4.Qb3 e6 5.g3 Nbd7 6.Bg2 Be7 7.O-O O-O 8.Nc3 Nb6
9.c5 Nbd7 10.Qa4 b5 11.Qc2 b4 12.Na4 Ba6  1/2-1/2